000 00704nam a2200253Ia 4500
003 OSt
005 20220918163206.0
006 a|||||r|||| 00| 0
007 ta
008 220917b |||||||| |||| 00| 0 eng d
020 _a0 19 713433 5
024 _a29,279
037 _cTextual
040 _aARTS
_cARTS
_beng
041 _2eng
_aeng
082 _aO111,3:g(R325), L8
100 _aWilliams D A ed
_911883
245 0 _aMonster in the mirror
_b studies in nineteenth century realism
260 _aOxford
_bOUP
_c1978
300 _av,300p.
_ccm.
650 _aENGLISH LITERATURE
942 _hO111,3:g(R325), L8
_cTEXL
_2CC
999 _c118337
_d118337